000 00766nam a2200253 a 4500
001 BRCA_7231
005 20190320205747.0
008 180112s1930----it-ab#####---#000-0#eng-#
041 _aeng
044 _ait
050 4 _aDG429
_b.I82 1930
130 0 _aRotary International
_917913
245 1 0 _aItaly and Rotary
_cRotary international.
260 _aBergamo, Italia
_bIstituto italiano d’arti grafiche
_c1930
300 _a207 p.
_bil.a color, mapas, retratos
_c26 cm.
500 _aIncluye índice alfabético
500 _aP136
650 1 4 _aArte italiano
_916442
651 4 _aItalia
_xDescripción y viajes
_917914
710 2 _aRotary international.
_917915
710 2 _aIstituto italiano d’arti grafiche
_917916
902 _aGFM
942 _2lcc
_cB
999 _c6912
_d6912